Operating Section proceedings /

Bibliographic Details
New Title:American Gas Association. Operation Section. Operating section proceedings (CD-ROM)
Corporate Author: American Gas Association. Operating Section
Format: Serial
Language:English
Published: Arlington, Va. : The Association.
Subjects:
Online Availability: Check for online availability

MARC

Tag First Indicator Second Indicator Subfields
LEADER 00000cas a2200000 a 4500
001 in00000089819
005 20151008063521.0
008 760701d19uu1996vauar1 1 a0engm
010 |a  76641304  
022 |a 0362-4994 
035 |a (OCoLC)02293181 
035 |9 AAK2398AM 
037 |b 1515 Wilson Boulevard, 22209 
040 |a DLC  |c DLC  |d NSD  |d TXA  |d UtOrBLW 
042 |a lc  |a nsdp 
043 |a n-us--- 
049 |a TXAE 
050 0 0 |a TN880.A1  |b A595a 
110 2 |a American Gas Association.  |b Operating Section. 
210 0 |a Oper. Sect. proc. 
222 0 |a Operating Section proceedings 
245 1 0 |a Operating Section proceedings /  |c American Gas Association. 
246 0 0 |a Proceedings 
246 1 4 |a AGA Operating Section proceedings  |f <1987-> 
264 1 |a Arlington, Va. :  |b The Association. 
300 |a volumes :  |b illustrations ;  |c 29 cm. 
310 |a Annual 
336 |a text  |b txt  |2 rdacontent 
337 |a unmediated  |b n  |2 rdamedia 
338 |a volume  |b nc  |2 rdacarrier 
362 0 |a -1996. 
530 |a Also available on CD-ROM, <1995>-1996; after 1996 continued by the CD-ROM version. 
610 2 0 |a American Gas Association.  |b Operating Section. 
650 0 |a Natural gas  |v Congresses. 
650 0 |a Gas industry  |v Congresses. 
785 0 0 |a American Gas Association. Operation Section.  |t Operating section proceedings (CD-ROM)  |w 2001208754  |w (OCoLC)46954406 
949 |a updated  |b h  |c 2002/8/28  |e coplinge  |f 4:37:09 pm 
999 |a MARS 
999 f f |s 044f6656-7bc2-3f10-bc5a-88fd12ffc0a4  |i f67e60de-9cf8-30f8-8c53-c3b123480feb  |t 0 
952 f f |p normal  |a Texas A&M University  |b College Station  |c Sterling C. Evans Library  |d Evans: Library Stacks  |t 0  |e TN880.A1 A595a  |h Library of Congress classification  |i unmediated -- volume  |l 1980  |m A14815972031 
952 f f |p normal  |a Texas A&M University  |b College Station  |c Sterling C. Evans Library  |d Evans: Library Stacks  |t 0  |e TN880.A1 A595a  |h Library of Congress classification  |i unmediated -- volume  |l 1989  |m A14812308364 
952 f f |p normal  |a Texas A&M University  |b College Station  |c Sterling C. Evans Library  |d Evans: Library Stacks  |t 0  |e TN880.A1 A595a  |h Library of Congress classification  |i unmediated -- volume  |l 1983  |m A14808326889 
952 f f |p normal  |a Texas A&M University  |b College Station  |c Sterling C. Evans Library  |d Evans: Library Stacks  |t 0  |e TN880.A1 A595a  |h Library of Congress classification  |i unmediated -- volume  |l 1985  |m A14810766914 
952 f f |p normal  |a Texas A&M University  |b College Station  |c Sterling C. Evans Library  |d Evans: Library Stacks  |t 0  |e TN880.A1 A595a  |h Library of Congress classification  |i unmediated -- volume  |l 1987  |m A14811010633 
952 f f |p normal  |a Texas A&M University  |b College Station  |c Sterling C. Evans Library  |d Evans: Library Stacks  |t 0  |e TN880.A1 A595a  |h Library of Congress classification  |i unmediated -- volume  |l 1984  |m A14808410612 
952 f f |p normal  |a Texas A&M University  |b College Station  |c Sterling C. Evans Library  |d Evans: Library Stacks  |t 0  |e TN880.A1 A595a  |h Library of Congress classification  |i unmediated -- volume  |l 1996  |m A14821641949 
952 f f |p normal  |a Texas A&M University  |b College Station  |c Sterling C. Evans Library  |d Evans: Library Stacks  |t 0  |e TN880.A1 A595a  |h Library of Congress classification  |i unmediated -- volume  |l 1990  |m A14813457108 
952 f f |p normal  |a Texas A&M University  |b College Station  |c Sterling C. Evans Library  |d Evans: Library Stacks  |t 0  |e TN880.A1 A595a  |h Library of Congress classification  |i unmediated -- volume  |l 1982  |m A14807439736 
952 f f |p normal  |a Texas A&M University  |b College Station  |c Sterling C. Evans Library  |d Evans: Library Stacks  |t 0  |e TN880.A1 A595a  |h Library of Congress classification  |i unmediated -- volume  |l 1986  |m A14810766922 
952 f f |p serial  |a Texas A&M University  |b College Station  |c Sterling C. Evans Library  |d Evans: Library Stacks  |t 0  |e TN880.A1 A595a  |h Library of Congress classification  |i unmediated -- volume  |l 1978  |m A14813050710 
952 f f |p normal  |a Texas A&M University  |b College Station  |c Sterling C. Evans Library  |d Evans: Library Stacks  |t 0  |e TN880.A1 A595a  |h Library of Congress classification  |i unmediated -- volume  |l 1980 c.2  |m A14815972081 
952 f f |p normal  |a Texas A&M University  |b College Station  |c Sterling C. Evans Library  |d Evans: Library Stacks  |t 0  |e TN880.A1 A595a  |h Library of Congress classification  |i unmediated -- volume  |l 1991  |m A14815957146 
952 f f |p serial  |a Texas A&M University  |b College Station  |c Sterling C. Evans Library  |d Evans: Library Stacks  |t 0  |e TN880.A1 A595a  |h Library of Congress classification  |i unmediated -- volume  |l 1979  |m A14813021119 
952 f f |p normal  |a Texas A&M University  |b College Station  |c Sterling C. Evans Library  |d Evans: Library Stacks  |t 0  |e TN880.A1 A595a  |h Library of Congress classification  |i unmediated -- volume  |l 1995  |m A14821581589 
952 f f |p normal  |a Texas A&M University  |b College Station  |c Sterling C. Evans Library  |d Evans: Library Stacks  |t 0  |e TN880.A1 A595a  |h Library of Congress classification  |i unmediated -- volume  |l 1981  |m A14815972138 
952 f f |p normal  |a Texas A&M University  |b College Station  |c Sterling C. Evans Library  |d Evans: Library Stacks  |t 0  |e TN880.A1 A595a  |h Library of Congress classification  |i unmediated -- volume  |l 1992  |m A14816774177 
952 f f |p normal  |a Texas A&M University  |b College Station  |c Sterling C. Evans Library  |d Evans: Library Stacks  |t 0  |e TN880.A1 A595a  |h Library of Congress classification  |i unmediated -- volume  |l 1994  |m A14819809515 
952 f f |p normal  |a Texas A&M University  |b College Station  |c Sterling C. Evans Library  |d Evans: Library Stacks  |t 0  |e TN880.A1 A595a  |h Library of Congress classification  |i unmediated -- volume  |l 1993  |m A14818047762 
998 f f |a TN880.A1 A595a  |s 1978-1987,1989-1996  |t 0  |l Evans: Library Stacks 
998 f f |a TN880.A1 A595a  |s 1980  |t 0  |l Evans: Library Stacks